000 00749nam a2200217 4500
003 OSt
005 20180827082717.0
008 180825b xxu||||| |||| 00| 0 spa d
020 _a9502004663
040 _cPJ
100 _91870
_aPavone La Rosa, Antonio
245 1 0 _aLa letra de cambio /
_cAntonio Pavone La Rosa, traducción y referencias al régimen argentino por Osvaldo J. Maffía.
260 _aBuenos Aires :
_bAbeledo-Perrot,
_c1982.
300 _a791 p.
_c23 cm.
_brústica
500 _aNotas y citas a pie de página.
650 0 _91602
_aDERECHO COMERCIAL
650 0 _91831
_aTITULOS DE CRÉDITO
650 0 _91858
_aLETRA DE CAMBIO
700 _91763
_aMaffía, Osvaldo J.
_etraducción
942 _2udc
_cLIB
_h347.746
_iPAV
999 _c1259
_d1259